00233nam a2200073 4500082001200000245006700012260007300079300000700152 a606 TEC aTechnology Policy Formulation and Planning :A Reference Manual aBanGalorebAsian and Pacific Centre for Transfer of Technologyc1986 a62